000 00305nam a22001337a 4500
008 170622b xxu||||| |||| 00| 0 eng d
020 _a481032504009
041 _aeng
080 _24TH
_a32
100 _a21
101 _aSHP
245 _aDILEMMAS OF POLITICAL DEVELOPMENT
_cPALMER,M
942 _2udc
_cBK
999 _c18841
_d18841